000 00711cam a22001934a 4500
005 20250605164023.0
008 250528s ||||||||||||||||||||||||d
035 _a16414
020 _a89608289
040 _aGR-AtMCL
_bgre
_dGR-AtMCL
_eAACR2
245 1 _aOn Power and Ideology / The Managua Lectures
260 _bSouth End Press,
_c1987
300 _a146
520 _aThis book consists of five lectures on U.S. international and security policy. Preface, The Overall Framework of Order, Containing Internal Aggression, Our Little Region Over Here, National Security Policy, The Domestic Scene, Bibliography.
700 1 _aChomsky Noam
_9225
942 _cBK
999 _c1915
_d1915